Pablo Neruda: poet of the people (Record no. 2444)

MARC details
000 -LEADER
fixed length control field 00733cam a22002415i 4500
005 - DATE AND TIME OF LATEST TRANSACTION
control field 20250828152547.0
020 ## - INTERNATIONAL STANDARD BOOK NUMBER
International Standard Book Number 9780545731270
040 ## - CATALOGING SOURCE
Original cataloging agency DLC
Language of cataloging eng
Description conventions rda
Transcribing agency DLC
050 ## - LIBRARY OF CONGRESS CALL NUMBER
Classification number PQ8097.N4
082 ## - DEWEY DECIMAL CLASSIFICATION NUMBER
Classification number 861.62
100 1# - MAIN ENTRY--PERSONAL NAME
Personal name Brown, Monica
Relator term author
245 10 - TITLE STATEMENT
Title Pablo Neruda: poet of the people
Statement of responsibility, etc. Monica Brown
250 ## - EDITION STATEMENT
Edition statement Printed in the U.S.A
300 ## - PHYSICAL DESCRIPTION
Extent 32 unnumbered pages :
Other physical details Color illustrations ;
Dimensions 29 cm
505 ## - FORMATTED CONTENTS NOTE
Formatted contents note R <br/>
520 ## - SUMMARY, ETC.
Summary, etc. Describes the life and times of the Nobel Prize-winning Chilean poet.
521 ## - TARGET AUDIENCE NOTE
Target audience note 740 AD <br/><br/>
Source Lexile <br/><br/>
521 ## - TARGET AUDIENCE NOTE
Target audience note R <br/>
Source Raz-Plus <br/>
700 1# - ADDED ENTRY--PERSONAL NAME
Personal name Paschkis, Julie
Relator term illustrator
906 ## - LOCAL DATA ELEMENT F, LDF (RLIN)
a 0
b ibc
c orignew
d 2
e epcn
f 20
g y-gencatlg
942 ## - ADDED ENTRY ELEMENTS (KOHA)
Source of classification or shelving scheme Dewey Decimal Classification
Koha item type Books
Suppress in OPAC No
999 ## -
-- 2444
-- 2444
Holdings
Withdrawn status Lost status Source of classification or shelving scheme Damaged status Not for loan Collection Home library Current library Shelving location Date acquired Total Checkouts Full call number Barcode Date last seen Price effective from Koha item type
    Dewey Decimal Classification     Juvenile Fiction Footprints International School Library Network Toul Tom Poung Campus Footprints International School Library Network Toul Tom Poung Campus TTP Primary Orange Bookshelves 12/08/2023   BRO Fic PQ8097.N4 FISBK05709 12/08/2023 12/08/2023 Books